Международное законодательство
| Hlavní autor: | |
|---|---|
| Shrnutí: | Книга на китайском языке |
| Jazyk: | čínština |
| Vydáno: |
Пекин, Изд-во Пекинского ун-та, 2005
|
| Vydání: | 5-е изд. |
| Médium: | MixedMaterials Kniha |
| KOHA link: | https://koha.lib.tpu.ru/cgi-bin/koha/opac-detail.pl?biblionumber=118757 |
MARC
| LEADER | 00000nam1a2200000 4500 | ||
|---|---|---|---|
| 001 | 118757 | ||
| 005 | 20231031124316.0 | ||
| 010 | |a 7301089112 | ||
| 035 | |a (RuTPU)RU\TPU\book\128503 | ||
| 090 | |a 118757 | ||
| 100 | |a 20070618d2005 m y0rusy50 ca | ||
| 101 | 0 | |a chi | |
| 102 | |a CN | ||
| 200 | 1 | |a Международное законодательство |f Малкольм Н. Шоу | |
| 205 | |a 5-е изд. | ||
| 210 | |a Пекин |c Изд-во Пекинского ун-та |d 2005 | ||
| 300 | |a Книга на китайском языке | ||
| 700 | 0 | |a Малкольм Н. Шоу | |
| 801 | 1 | |a RU |b 63413507 |c 20070618 |g PSBO | |
| 801 | 2 | |a RU |b 63413507 |c 20220602 |g RCR | |
| 942 | |c BK | ||